| 000 | 01587cam a22002895a 4500 | ||
|---|---|---|---|
| 001 | L137909 | ||
| 008 | 070508s2007 xxkdk f l 001 0 eng d | ||
| 020 | _a9781405712392 | ||
| 035 | _a(Sirsi) u137909 | ||
| 041 | 0 | _aeng | |
| 050 | 0 | 4 | _a306.026 $2 18 |
| 100 | 1 | _aDriscoll, James | |
| 245 | 0 | 0 |
_aHousing _bthe new law _ba guide to the Housing Act 2004 |
| 260 |
_aLondon _bLexisNexis Butterworths _c2007 |
||
| 300 |
_axxxii, 874p. _c25cm. |
||
| 350 | _a80 | ||
| 505 | 1 | _aIntroduction and overview -- Enforcement of housing standards -- Houses in multiple occupation -- The selective licensing of residential accommodation -- Management orders and private rented accommodation -- Home information packs -- The social rented sector -- The private rented sector -- Role and function of the residential property tribunal | |
| 520 | _aProvides a detailed guide to each section of the act. Covers licensing, enforcement and procedural issues. Major issues covered include housing standards, HMOs, HIPs and EDMOs. Addresses the private and social rented sectors. Also describes the role and function of the residential property tribunal. Refers to case law and previous legislation extensively to put the Act in context. Includes a full copy of the Act and subsequent Orders. | ||
| 650 | 2 | 4 | _aHOUSING ACT 2004 |
| 650 | 2 | 4 | _aHOME INFORMATION PACKS |
| 650 | 2 | 4 | _aHOUSING (TENANCY DEPOSIT SCHEMES) ORDER 2007 |
| 650 | 2 | 4 | _aHOUSING ACT 1985 |
| 650 | 2 | 4 | _aEMPTY DWELLING MANAGEMENT ORDERS |
| 651 | 4 |
_aEngland and Wales _y1543- |
|
| 690 |
_aResidential property _96266 |
||
| 942 | _n0 | ||
| 999 |
_c106930 _d106930 |
||